Statistics for NCAA Colleges in Ohio

Click here to take the quiz!

General Stats

  • This quiz has been taken 637 times
  • The average score is 19 of 46

Answer Stats

DivisionTeam NameUniversity% Correct
Division IBobcatsOhio
98%
Division IBuckeyesOhio State
97%
Division IZipsAkron
95%
Division IBearcatsCincinnati
92%
Division IRocketsToledo
89%
Division IFlyersDayton
84%
Division IRedHawksMiami
84%
Division IVikingsCleveland State
83%
Division IGolden FlashesKent State
83%
Division IFalconsBowling Green
80%
Division IPenguinsYoungstown State
75%
Division IMusketeersXavier
69%
Division IRaidersWright State
53%
Division IIIPolar BearsOhio Northern
44%
Division IIIPurple RaidersMount Union
40%
Division IIOilersFindlay
39%
Division IIIYeomenOberlin
36%
Division IIIYellow JacketsBaldwin Wallace
33%
Division IIISpartansCase Western
32%
Division IIICrusadersCapital
31%
Division IIICardinalsOtterbein
31%
Division IIDragonsTiffin
31%
Division IIIBattling BishopsOhio Wesleyan
30%
Division IIEaglesAshland
29%
Division IIIPioneersMarietta
29%
Division IIIBlue StreaksJohn Carroll
28%
Division IIIFighting MuskiesMuskingum
27%
Division IIILordsKenyon
26%
Division IIIBig RedDenison
25%
Division IIIFighting ScotsWittenberg
25%
Division IIMaraudersCentral State
23%
Division IIIStudent PrincesHeidelberg
21%
Division IIPanthersOhio Dominican
21%
Division IIYellow JacketsCedarville
20%
Division IICavaliersWalsh
20%
Division IIStormLake Erie
19%
Division IIITerriersHiram
18%
Division IIIBeaversBluffton
17%
Division IIITigersWilmington
17%
Division IIPioneersMalone
16%
Division IIFalconsNotre Dame
16%
Division IIIYellow JacketsDefiance
15%
Division IIIBaronsFranciscan University
of Steubenville
13%
Division IIBlue KnightsUrbana
12%
Division IIArrowsUrsuline
8%
Division IIILionsMount St. Joseph
6%

Score Distribution

Percentile by Number Answered

Percent of People with Each Score

Your Score History

You have not taken this quiz